[Event "Asian-ch Amateur (Women)"]
[Site "Isfahan"]
[Date "2016.11.15"]
[Round "5.4"]
[White "Kazemzadeh, Asal"]
[Black "Barghol, Fatemeh"]
[Result "1-0"]
[WhiteElo "1751"]
[BlackElo "1596"]
[PlyCount "101"]
[EventDate "2016.11.12"]
[EventType "swiss"]
[EventRounds "9"]
[EventCountry "IRI"]
[SourceTitle "EXT 2024"]
[Source "ChessBase"]
[SourceDate "2023.10.10"]
[SourceVersion "1"]
[SourceVersionDate "2023.10.10"]
[SourceQuality "1"]

1. d4 d5 2. Nf3 Nf6 3. Bf4 e6 4. e3 Bd6 5. Ne5 Nbd7 6. Bd3 c5 7. c3 Qc7 8. Nxd7 Bxd7 9. Bxd6 Qxd6 10. 0-0 e5 11. dxc5 Qxc5 12. Nd2 Ng4 13. Nb3 Qb6 14. Be2 Nf6 15. Qd2 0-0 16. f4 exf4 17. Rxf4 Rfe8 18. Rb4 Qxe3+ 19. Qxe3 Rxe3 20. Kf2 Rae8 21. Nd4 b6 22. a4 Ng4+ 23. Bxg4 Bxg4 24. a5 bxa5 25. Rxa5 Rd3 26. Rxd5 h5 27. h3 Bd1 28. Rf5 Rd2+ 29. Kg1 g6 30. Rf2 Rd3 31. Rb7 Re1+ 32. Kh2 f5 33. Nf3 Bxf3 34. gxf3 Rdd1 35. f4 h4 36. Kg2 Rg1+ 37. Kf3 Rg3+ 38. Ke2 Rdd3 39. c4 Rxh3 40. b4 Rhe3+ 41. Kf1 h3 42. Kg1 Rb3 43. c5 Rec3 44. Rd2 Rd3 45. Rxd3 Rxd3 46. c6 Rc3 47. c7 a5 48. Rb8+ Kf7 49. c8Q Rxc8 50. Rxc8 axb4 51. Rb8 1-0